Statistiques concernant Les pokémon de type roche (avec types indiqués)

Cliquez ici pour prendre le quiz!

Statistiques générales

  • Ce quiz a été pris 697 fois
    (672 depuis la dernière actualisation)
  • Le résultat moyen est 45 sur 55

Statistiques - réponses

GénérationType(s)N°NationalPokémon% Correct
1èreRoche Sol76Grolem
100%
1èreRoche Sol75Gravalanch
99%
1èreRoche Sol74Racaillou
99%
1èreRoche Vol142Ptéra
97%
1èreRoche Eau139Amonistar
96%
1èreRoche Eau138Amonita
96%
1èreRoche Eau140Kabuto
96%
1èreRoche Eau141Kabutops
96%
1èreRoche Sol95Onix
95%
1èreSol Roche111Rhinocorne
91%
1èreSol Roche112Rhinoféros
91%
3èmeRoche Plante345Lilia
90%
3èmeRoche Insecte348Armaldo
89%
3èmeRoche Plante346Vacilys
89%
3èmeRoche Insecte347Anorith
88%
4èmeRoche Acier410Dinoclier
88%
3èmeAcier Roche305Galegon
88%
3èmeAcier Roche304Galekid
88%
3èmeAcier Roche306Galeking
88%
4èmeRoche Acier411Bastiodon
87%
6èmeRoche Fee719Diancie
85%
4èmeRoche408Kranidos
85%
4èmeSol Roche464Rhinastoc
84%
4èmeRoche409Charkos
83%
3èmeRoche Psy337Seleroc
83%
3èmeRoche Psy338Solaroc
83%
5èmeRoche526Gigalithe
82%
5èmeRoche524Nodulithe
82%
3èmeEau Roche369Relicanth
82%
6èmeRoche Dragon697Rexilius
82%
3èmeRoche377Regirock
81%
6èmeRoche Glace699Dragmara
80%
6èmeRoche Dragon696Ptyranidur
80%
2èmeFeu Roche219Volcaropod
80%
6èmeRoche Glace698Amagara
79%
5èmeRoche525Geolithe
79%
6èmeRoche Fee703Strassie
79%
3èmeRoche299Tarinor
79%
2èmeRoche Tenebres248Tyranocif
79%
2èmeRoche Sol247Ymphect
79%
5èmeRoche Vol566Arkeapti
78%
5èmeEau Roche564Carapagos
78%
2èmeRoche Sol246Embrylex
78%
5èmeEau Roche565Megapagos
78%
4èmeRoche Acier476Tarinorme
76%
5èmeInsecte Roche557Crabicoque
74%
5èmeRoche Vol567Aeropterix
73%
2èmeInsecte Roche213Caratroc
73%
5èmeInsecte Roche558Crabaraque
73%
5èmeRoche Combat639Terrakium
72%
2èmeEau Roche222Corayon
68%
6èmeRoche Eau689Golgopathe
63%
2èmeRoche185Simularbre
61%
6èmeRoche Eau688Opermine
60%
4èmeRoche438Manzai
55%

Distribution des résultats

Percentile par nombre de réponses

% des personnes avec chaque résultat

Votre développement - résultats

Vous n’avez pas pris ce quiz depuis la dernière actualisation